Instrumentación química : estudio sistematico del análisis instrumental
| Main Author: | |
|---|---|
| Format: | Section = Libro |
| Language: | Undetermined Spanish |
| Published: |
México
Limusa
1982
|
| Subjects: |
| LEADER | 00559nam a2200193Ia 4500 | ||
|---|---|---|---|
| 008 | 240830s9999 xx 000 0 und d | ||
| 020 | |a 968-18-0922-X | ||
| 040 | |a CEDOC FIQ-RUSB / 543.07 S919 | ||
| 041 | |a spa | ||
| 082 | |a 543.07 S919 | ||
| 100 | 1 | |a Strobel, Howard A | |
| 245 | 1 | 0 | |a Instrumentación química : estudio sistematico del análisis instrumental |
| 260 | |a México |b Limusa |c 1982 | ||
| 300 | |a 719 p. : il | ||
| 650 | 7 | |a QUIMICA ANALITICA CUANTITATIVA | |
| 650 | 7 | |b QUIMICA ANALITICA CUALITATIVA | |
| 942 | |c BK |2 ddc | ||
| 991 | |a TEXTO | ||
| 999 | |c 13736 | ||